Normal view
MARC view
Entry Personal Name
001 - CONTROL NUMBER
- control field: 1046381
003 - CONTROL NUMBER IDENTIFIER
- control field: OSt
005 - DATE AND TIME OF LATEST TRANSACTION
- control field: 20260121165015.0
008 - FIXED-LENGTH DATA ELEMENTS
- fixed length control field: 260121|| aca||aabn | a|a d
040 ## - CATALOGING SOURCE
- Original cataloging agency: OSt
- Transcribing agency: OSt
100 ## - HEADING--PERSONAL NAME
- Personal name: Ayse Guveli, Harry Ganzeboom, Lucinda Platt, Bernhard Nauck, Helen Baykara-Krumme, Sebnem Eroglu, Sait Bayrakdar, Efe K. Sözeri, Niels Spierings, ?ebnem Ero?lu
670 ## - SOURCE DATA FOUND
- Source citation: Work cat.: (OSt)1612106: Ayse Guveli, Harry Ganzeboom, Lucinda Platt, Bernhard Nauck, Helen Baykara-Krumme, Sebnem Eroglu, Sait Bayrakdar, Efe K. Sözeri, Niels Spierings, ?ebnem Ero?lu, Intergenerational consequences of migration
